Tutti i verbi greci / (Record no. 173095)

MARC details
000 -LEADER
campo de control de longitud fija 00620nam a2200193 i 4500
001 - NÚMERO DE CONTROL
campo de control 173095
003 - IDENTIFICADOR DE NÚMERO DE CONTROL
campo de control ES-MaACL
005 - FECHA Y HORA DE LA ÚLTIMA TRANSACCIÓN
campo de control 20230906215131.0
008 - DATOS DE LONGITUD FIJA--INFORMACIÓN GENERAL
campo de control de longitud fija 091030s1961 it |||| | ita d
080 ## - NÚMERO DE LA CLASIFICACIÓN DECIMAL UNIVERSAL
Número de la Clasificación Decimal Universal 811.14'367.7
100 1# - ENTRADA PRINCIPAL--NOMBRE DE PERSONA
Nombre de persona Marinone, Nino.
9 (RLIN) 141496
245 10 - MENCIÓN DEL TÍTULO
Título Tutti i verbi greci /
Mención de responsabilidad, etc. N. Marinone, F. Guala.
250 ## - MENCION DE EDICION
Mención de edición 2ª ed.,1ª rist.
260 ## - PUBLICACIÓN, DISTRIBUCIÓN, ETC.
Lugar de publicación, distribución, etc. Milano ;
-- Messina :
Nombre del editor, distribuidor, etc. Giuseppe Principato,
Fecha de publicación, distribución, etc. 1961.
300 ## - DESCRIPCIÓN FÍSICA
Extensión VII, 352 p. ;
Dimensiones 15 cm.
650 04 - PUNTO DE ACCESO ADICIONAL DE MATERIA--TÉRMINO DE MATERIA
Término de materia o nombre geográfico como elemento de entrada Lengua griega-
Subdivisión general Verbo.
9 (RLIN) 14253
700 1# - ENTRADA AGREGADA--NOMBRE PERSONAL
Nombre de persona Guala, F.
9 (RLIN) 141497
852 4# - LOCALIZACIÓN
Ubicación ES-MaACL
Número de control de estantería E-13050
itemnumber R.190368 . -
Nota libre Biblioteca Jacinto Martínez Lacalle
Holdings
Estatus retirado Estado de pérdida Estado de daño No para préstamo Biblioteca de origen Biblioteca actual Ubicación en estantería Fecha de adquisición Fuente de adquisición Total de préstamos Signatura topográfica completa Código de barras Visto por última vez Precio de reemplazo Tipo de ítem Koha
        Biblioteca del Ateneo de Madrid Biblioteca del Ateneo de Madrid Depósito 2 30/10/2009     E-13050 1181628 23/02/2023 23/02/2023 Libro impreso